Manažerský informační systém pro kombinovanou dopravu
Konfigurácia manažérskeho informačného systému pre kombinovanú dopravu. Analýza požiadaviek partnerov systému nákladného spoločenstva. Vývoj a funkcie systému. Hardwarové vybavenie systému. Kocept prevádzkovateľa logistického informačného systému.
Enregistré dans:
| Auteur principal: | |
|---|---|
| Autres auteurs: | |
| Format: | Chapitre de livre |
| Langue: | tchèque |
| Sujets: | |
| Tags: |
Pas de tags, Soyez le premier à ajouter un tag!
|
MARC
| LEADER | 00000naa$a2200000$$$4500 | ||
|---|---|---|---|
| 001 | 0004311 | ||
| 005 | 20231003123728.5 | ||
| 041 | 0 | |a cze | |
| 044 | |a CZ | ||
| 245 | 1 | 0 | |a Manažerský informační systém pro kombinovanou dopravu |c aut. Horst Krampe ; prekl. Jiří Kubát |
| 520 | |a Konfigurácia manažérskeho informačného systému pre kombinovanú dopravu. Analýza požiadaviek partnerov systému nákladného spoločenstva. Vývoj a funkcie systému. Hardwarové vybavenie systému. Kocept prevádzkovateľa logistického informačného systému. | ||
| 610 | 2 | 0 | |a systémy informačné manažérske |
| 610 | 2 | 0 | |a logistika |
| 610 | 2 | 0 | |a doprava kombinovaná |
| 610 | 2 | 0 | |a systémy informačné |
| 100 | 1 | |a Krampe, Horst | |
| 700 | 1 | |a Kubát, Jiří | |